000
00282nam a2200109Ia 4500
008
171211s9999 xx 000 0 und d
245
4
_a
The Cinema of John Boorman
245
_c
Brian Hoyle
260
_c
2012
650
_x
ART
856
_u
http://down.ebook777.com/061/0810883953.pdf
999
_c
348577
_d
348577